Cases for managerial practices/ (Record no. 195722)

MARC details
000 -LEADER
fixed length control field 00536nam a22001817a 4500
005 - DATE AND TIME OF LATEST TRANSACTION
control field 20230419101146.0
010 ## - LCCN (DPL NO)
LC control number ENG-136727
020 ## - INTERNATIONAL STANDARD BOOK NUMBER
International Standard Book Number 9789388805544
Terms of availability 300.00
035 ## - SYSTEM CONTROL NUMBER
System control number EN-120259
037 ## - SOURCE OF ACQUISITION
Source of stock number/acquisition DBAD/PUB
082 ## - DEWEY DECIMAL CLASSIFICATION NUMBER
Classification number 659.2
100 ## - MAIN ENTRY--PERSONAL NAME
Personal name Satya Suresh
245 00 - TITLE STATEMENT
Title Cases for managerial practices/
Statement of responsibility, etc Satya Suresh, Chandrasekaran and M.Ganesh Babu
250 ## - EDITION STATEMENT
Edition statement 1st ed.
260 ## - PUBLICATION, DISTRIBUTION, ETC. (IMPRINT)
Place of publication, distribution, etc Banglore
Name of publisher, distributor, etc Archers and elevators Publishing house
Date of publication, distribution, etc 2019
300 ## - PHYSICAL DESCRIPTION
Extent 190p.;
Dimensions 29cm(pbk)
942 ## - ADDED ENTRY ELEMENTS (KOHA)
Source of classification or shelving scheme Dewey Decimal Classification
Item type English Books
Call number suffix SAT
Classification part 659.2
Holdings
Withdrawn status Lost status Not for loan Collection code Home library Current library Date acquired Source of acquisition Cost, normal purchase price Full call number Barcode Copy number Cost, replacement price Koha item type
      Non-fiction R.K.Puram-8 R.K.Puram-8 19/04/2023 DBAD/PUB 300.00 659.2 SAT EN-120259 1 300.00 English Books

© Delhi Public Library
Hit Counter
free hit counter